01101 2200205 4500001002100000005001500021035002000036008004100056245005000097100001900147250000600166260003800172300001200210084001400222082000800236650001000244520061700254990001200871990001200883INLIS00000000000093920240531093002 a0010-0524000174240531 1 ind 1 aBalada Cinta Ditanah Bencana /cErlin Cahyadi aCahyadi, Erlin a1 aYogyakarta :bSheila/ Andi,c2011 a250 hlm a813 ERL b a813 4aFiksi aVanessa tidak pernah menyangka keputusannya untuk menjadi relawan korban gempa di Kota Pariaman, Padang, membuatnya belajar banyak hal. Menjadi relawan membuatnya belajar menghargai makanan sampai air bersih yang sebelumnya selalu luput dari perhatian. Begitu juga dalam hal cinta. Siapa yang menyangka bahwa di tanah bencana, ia justru mengenal dua cinta. Yang satu dari Kevin, seorang dokter muda, dan lainnya dari Billy, salah satu korban bencana gempa. Seperti halnya gempa, masalah cinta pun sama rumitnya. Tidak bisa diprediksi, sulit ditanggulangi. Lalu, siapakah yang berhasil memenangkan hati Vanessa? a0741632 a0741633